Statistics for Country to capital #4

Click here to take the quiz!

General Stats

  • This quiz has been taken 37 times
  • The average score is 8 of 10

Answer Stats

HintAnswer% Correct
AfghanistanKabul
97%
AustraliaCanberra
94%
CanadaOttawa
94%
UruguayMontevideo
85%
MongoliaUlaanbaatar
82%
LithuaniaVilnius
82%
LiechtensteinVaduz
79%
BelizeBelmopan
68%
BruneiBandar Seri Begawan
47%
PalauNgerulmud
41%

Score Distribution

Percentile by Number Answered

Percent of People with Each Score

Your Score History

You have not taken this quiz